000 00501nam a2200145 a 4500
008 120416s1980 ||||||||||||||||| || u
020 _a0534007864
050 _aHF 5635 Int
245 1 0 _aIntermediate accounting
246 _aLoren A. Nikolai
260 _aBoston
_bKent Publishing
_c1980
300 _axvii, 993[44]p. : ill.
350 _a0.00
995 _D0.00
_FCBU-MAIN LIBRARY (Kitwe)
_H1
_I28.95
_UAVAILABLE
_ZAnnex Low-Usage Collection
999 _c47229
_d47229